000 00507nam a2200181Ia 4500
005 20250508151014.0
008 008 250505s9999 xx 000 0 eng d
037 _aTextual
040 _aFEDL
_beng
_cFEDL
041 _aeng
_2eng
084 _a370.19, NAT
_qFEDL
245 0 _aLearning world goodwill in the elmentary school
260 _c1946
300 _a366p.
546 _aThe national elementary principal; Weeded out
942 _cTEXL
_h370.19, NAT
999 _c1326995
_d1326995